000 00915nam a2200265 i 4500
001 bg
100 1 _aMokrogulski, Mateusz.
245 1 0 _aProdukty strukturyzowane w Polsce w latach 2000-2010 /
_cMateusz Mokrogulski, Przemysław Sepielak ; Komisja Nadzoru Finansowego.
260 _aWarszawa :
_bKomisja Nadzoru Finansowego,
_c2010.
300 _a62 s. :
_bil. kolor. ;
_c30 cm.
490 1 _aMateriały i Opracowania Urzędu Komisji Nadzoru Finansowego
504 _aBibliogr. s. 61-62.
650 4 _aInstrumenty pochodne
_zPolska
650 4 _aRynek kapitałowy
_zPolska
_yod 2001 r.
700 1 _aSepielak, Przemysław.
830 0 _aMateriały i Opracowania Urzędu Komisji Nadzoru Finansowego
020 _a9788393026081
040 _cBPK
041 0 _apol
044 _aPOL
080 _a336.76(438)
920 _a978-83-930260-8-1
942 _cKS
008 130116s pl a f |000 0 pol
999 _c53865
_d53865
856 _uhttp://koha.tu.koszalin.pl/cgi-bin/koha/opac-detail.pl?biblionumber=53865
_yKatalog online BPK